000 00353nam a2200133Ia 4500
008 240624s9999 xx 000 0 und d
041 _aeng
082 _a332.042 APT
100 _aAPTE PRAKASH G
245 _aINTERNATIONAL FINANCE A BUSINESS PERSPEC
260 _c2004
_aNew Delhi
_bTata McGrawhill
300 _axii, : 444 : p. : cm. ; 23
365 _cRS
999 _c1603
_d1603